<?xml version="1.0" encoding="UTF-8"?><?xml-stylesheet type="text/xsl" href="static/style.xsl"?><OAI-PMH xmlns="http://www.openarchives.org/OAI/2.0/" xmlns:xsi="http://www.w3.org/2001/XMLSchema-instance" xsi:schemaLocation="http://www.openarchives.org/OAI/2.0/ http://www.openarchives.org/OAI/2.0/OAI-PMH.xsd"><responseDate>2026-04-17T03:15:07Z</responseDate><request verb="GetRecord" identifier="oai:www.recercat.cat:11351/13562" metadataPrefix="marc">https://recercat.cat/oai/request</request><GetRecord><record><header><identifier>oai:recercat.cat:11351/13562</identifier><datestamp>2025-10-24T10:32:17Z</datestamp><setSpec>com_2072_378070</setSpec><setSpec>com_2072_378040</setSpec><setSpec>col_2072_378092</setSpec></header><metadata><record xmlns="http://www.loc.gov/MARC21/slim" xmlns:dcterms="http://purl.org/dc/terms/" xmlns:xsi="http://www.w3.org/2001/XMLSchema-instance" xmlns:doc="http://www.lyncode.com/xoai" xsi:schemaLocation="http://www.loc.gov/MARC21/slim http://www.loc.gov/standards/marcxml/schema/MARC21slim.xsd">
   <leader>00925njm 22002777a 4500</leader>
   <datafield ind2=" " ind1=" " tag="042">
      <subfield code="a">dc</subfield>
   </datafield>
   <datafield ind2=" " ind1=" " tag="720">
      <subfield code="a">Nieto, Clara</subfield>
      <subfield code="e">author</subfield>
   </datafield>
   <datafield ind2=" " ind1=" " tag="720">
      <subfield code="a">Khan, Sana</subfield>
      <subfield code="e">author</subfield>
   </datafield>
   <datafield ind2=" " ind1=" " tag="720">
      <subfield code="a">Gonçalves, Rodrigues</subfield>
      <subfield code="e">author</subfield>
   </datafield>
   <datafield ind2=" " ind1=" " tag="720">
      <subfield code="a">VERDAGUER TREMOLOSA, MIREIA</subfield>
      <subfield code="e">author</subfield>
   </datafield>
   <datafield ind2=" " ind1=" " tag="720">
      <subfield code="a">Martinez-Lopez, Pilar</subfield>
      <subfield code="e">author</subfield>
   </datafield>
   <datafield ind2=" " ind1=" " tag="720">
      <subfield code="a">LOPEZ-CANO, MANUEL</subfield>
      <subfield code="e">author</subfield>
   </datafield>
   <datafield ind2=" " ind1=" " tag="260">
      <subfield code="c">2025-08-21T10:37:39Z</subfield>
   </datafield>
   <datafield ind2=" " ind1=" " tag="260">
      <subfield code="c">2025-08-21T10:37:39Z</subfield>
   </datafield>
   <datafield ind2=" " ind1=" " tag="260">
      <subfield code="c">2025-06-11</subfield>
   </datafield>
   <datafield ind2=" " ind1=" " tag="520">
      <subfield code="a">Obesity; Preoperative weight loss; Ventral hernia repair</subfield>
   </datafield>
   <datafield ind2=" " ind1=" " tag="520">
      <subfield code="a">Obesidad; Pérdida de peso preoperatoria; Reparación de hernia ventral</subfield>
   </datafield>
   <datafield ind2=" " ind1=" " tag="520">
      <subfield code="a">Obesitat; Pèrdua de pes preoperatòria; Reparació d'hèrnia ventral</subfield>
   </datafield>
   <datafield ind2=" " ind1=" " tag="520">
      <subfield code="a">Purpose&#xd;
Obesity increases the risk of complications and technical difficulty in ventral hernia repair. Preoperative weight loss is recommended to mitigate these risks, but the implementation of different strategies in routine practice remains poorly described. This study aimed to characterize the use of dietary counseling, pharmacotherapy, and bariatric surgery within a structured optimization pathway and provide preliminary insights into surgical outcomes in obese versus non-obese patients.&#xd;
Methods&#xd;
In this retrospective, single-center study, obese patients with ventral hernia were managed with dietary counseling, pharmacotherapy, or bariatric surgery between April 2018 and April 2023. We evaluated implementation, weight loss achieved, eligibility for elective repair, and adherence. Surgical outcomes were descriptively analyzed in obese patients with and without preoperative weight loss and compared to non-obese patients.&#xd;
Results&#xd;
Of 175 obese patients, 148 (84.6%) received dietary counseling, 15 (8.6%) pharmacotherapy, and 12 (6.8%) bariatric surgery. Median weight loss was highest after bariatric surgery (20.7%), followed by dietary counseling (4.6%) and pharmacotherapy (4.4%). Surgical eligibility rates were 83%, 44%, and 13%, respectively. Among 165 patients who underwent hernia repair, postoperative complications were more frequent in obese patients, regardless of preoperative weight loss, than in non-obese patients. Recurrence was numerically higher in patients without preoperative weight loss, though not statistically significant.&#xd;
Conclusion&#xd;
A structured optimization pathway facilitated the use of diverse weight loss strategies before hernia repair in obese patients. Bariatric surgery achieved the greatest weight loss and eligibility. However, complications remained common, underscoring the need for individualized, multidisciplinary prehabilitation strategies.</subfield>
   </datafield>
   <datafield ind2=" " ind1=" " tag="520">
      <subfield code="a">Open Access Funding provided by Universitat Autonoma de Barcelona.</subfield>
   </datafield>
   <datafield ind1="8" ind2=" " tag="024">
      <subfield code="a">http://hdl.handle.net/11351/13562</subfield>
   </datafield>
   <datafield tag="653" ind2=" " ind1=" ">
      <subfield code="a">Obesitat</subfield>
   </datafield>
   <datafield tag="653" ind2=" " ind1=" ">
      <subfield code="a">Hèrnia - Cirurgia - Complicacions</subfield>
   </datafield>
   <datafield tag="653" ind2=" " ind1=" ">
      <subfield code="a">Aprimament</subfield>
   </datafield>
   <datafield tag="653" ind2=" " ind1=" ">
      <subfield code="a">Cura preoperatòria</subfield>
   </datafield>
   <datafield tag="653" ind2=" " ind1=" ">
      <subfield code="a">ANALYTICAL, DIAGNOSTIC AND THERAPEUTIC TECHNIQUES, AND EQUIPMENT::Therapeutics::Patient Care::Preoperative Care</subfield>
   </datafield>
   <datafield tag="653" ind2=" " ind1=" ">
      <subfield code="a">DISEASES::Pathological Conditions, Signs and Symptoms::Pathological Conditions, Anatomical::Hernia::Hernia, Abdominal::Hernia, Ventral</subfield>
   </datafield>
   <datafield tag="653" ind2=" " ind1=" ">
      <subfield code="a">Other subheadings::Other subheadings::Other subheadings::/surgery</subfield>
   </datafield>
   <datafield tag="653" ind2=" " ind1=" ">
      <subfield code="a">DISEASES::Nutritional and Metabolic Diseases::Nutrition Disorders::Overnutrition::Obesity</subfield>
   </datafield>
   <datafield tag="653" ind2=" " ind1=" ">
      <subfield code="a">DISEASES::Pathological Conditions, Signs and Symptoms::Signs and Symptoms::Body Weight::Body Weight Changes::Weight Loss</subfield>
   </datafield>
   <datafield tag="653" ind2=" " ind1=" ">
      <subfield code="a">TÉCNICAS Y EQUIPOS ANALÍTICOS, DIAGNÓSTICOS Y TERAPÉUTICOS::terapéutica::asistencia al paciente::asistencia preoperatoria</subfield>
   </datafield>
   <datafield tag="653" ind2=" " ind1=" ">
      <subfield code="a">ENFERMEDADES::afecciones patológicas, signos y síntomas::afecciones patológicas anatómicas::hernia::hernia abdominal::hernia ventral</subfield>
   </datafield>
   <datafield tag="653" ind2=" " ind1=" ">
      <subfield code="a">Otros calificadores::Otros calificadores::Otros calificadores::/cirugía</subfield>
   </datafield>
   <datafield tag="653" ind2=" " ind1=" ">
      <subfield code="a">ENFERMEDADES::enfermedades nutricionales y metabólicas::trastornos nutricionales::hipernutrición::obesidad</subfield>
   </datafield>
   <datafield tag="653" ind2=" " ind1=" ">
      <subfield code="a">ENFERMEDADES::afecciones patológicas, signos y síntomas::signos y síntomas::peso corporal::cambios en el peso corporal::pérdida de peso</subfield>
   </datafield>
   <datafield ind2="0" ind1="0" tag="245">
      <subfield code="a">Obesity-focused prehabilitation strategies in ventral hernia: Cohort study</subfield>
   </datafield>
</record></metadata></record></GetRecord></OAI-PMH>